000 00764nam a2200181 i 4500
001 152139
003 ES-MaACL
005 20230906204542.0
008 051011s1887 xxk | |||||||| ||eng d
040 _aCAM
_bspa
_cCAM
100 1 _aBirkmyre, William.
_928977
245 1 0 _aCurrency or Bi-metallism examined
_b: being an address delivered to the members of the Greenock Chamber of Commerce, 28th July 1887 /
_cby William Birkmyre.
260 _aGlasgow :
_bM'Naughtan & Sinclair,
_c1887.
300 _a16 p. ;
_c24 cm.
595 _aPublished at The Request of the Greenock Chamber of Commerce.
650 4 _aBimetalismo.
_9149131
852 _aES-MaACL
_jT-1284-F-10
_z-- Enc. hol., conservando la cub. original
_z-- Enc. en un vol. facticio
_z.- Donat. Bosch
999 _c152139
_d152139